000 02062nam0a2200385 4500
001 RU\NLR\BIBL_A\010539565
005 20260405230030.0
010 _a978-5-91768-527-4
_bНорма
010 _a978-5-16-010214-6
_bИНФРА-М
_9500
021 _aRU
_b2014-70376
_94316
035 _a(NLR Aleph) 010539565
090 _a10290543
_c10290543
100 _a20141121d2014 |||y0rusy50 ca
101 0 _arus
102 _aRU
105 _ay|||j|||001yy
200 1 _aКонституционный судебный процесс
_eучебник для студентов вузов, обучающихся по направлению подготовки 030900 "Юриспруденция", квалификация "бакалавр"
_f[Александрова З. К., к.ю.н., Белых М. Л., к.ю.н., доц., Несмеянова С. Э., д.ю.н., проф. и др.]
_gотв. ред. д.ю.н., проф. М. С. Саликов
205 _a2-е изд., перераб. и доп.
210 _aМосква
_cНорма
_cИНФРА-М
_d2014
215 _a351 с.
_d22
300 _aАвт. указаны на обороте тит. л.
300 _aНа обл.: 2-е изд.
320 _aБиблиогр. в подстроч. примеч.
601 0 1 _aРоссийская Федерация
_bКонституционный суд
_jУчебники для высших учебных заведений
_92127145
_3RU\NLR\AUTH\661283811
610 0 _aконституционное правосудие
686 1 _aХ620.141я73
701 1 _8rus
_7ca
_aАлександрова
_bЗ. К.
_cканд. юрид. наук
_gЗинаида Константиновна
_3RU\NLR\AUTH\77104051
_986976
701 1 _aБелых
_bМ. Л.
701 1 _aНесмеянова
_bС. Э.
_gСветлана Эдуардовна
702 1 _aСаликов
_bМ. С.
_gМарат Сабирьянович
_4340
942 _cBOOK
980 _aNBR
980 _aNB